[Event "BEL-chT 2122"]
[Site "Belgium"]
[Date "2022.02.13"]
[Round "7.3"]
[White "Becker, Marcel"]
[Black "Tjiam, Dharma"]
[Result "1/2-1/2"]
[WhiteElo "2345"]
[BlackElo "2395"]
[PlyCount "62"]
[EventDate "2021.10.24"]
[EventType "team-tourn"]
[EventRounds "11"]
[EventCountry "BEL"]
[SourceTitle "EXT 2023"]
[Source "ChessBase"]
[SourceDate "2022.10.05"]
[SourceVersion "1"]
[SourceVersionDate "2022.10.05"]
[SourceQuality "1"]
[WhiteTeam "KSK47 Eynatten"]
[BlackTeam "KGSRL"]
[WhiteTeamCountry "BEL"]
[BlackTeamCountry "BEL"]

1. d4 Nf6 2. c4 e6 3. Nc3 Bb4 4. Qc2 c5 5. dxc5 0-0 6. Nf3 Na6 7. g3 Nxc5 8. Bg2 b6 9. 0-0 Bb7 10. Nb5 Nce4 11. Ng5 d5 12. Nxe4 Nxe4 13. cxd5 exd5 14. Be3 Qd7 15. Nd4 Rfe8 16. Nf3 Rac8 17. Qd1 Ba6 18. a3 Bf8 19. Re1 Nc5 20. Bd4 Bc4 21. Ne5 Qe6 22. Nxc4 dxc4 23. Bc3 Ne4 24. Bxe4 Qxe4 25. Qa4 Qb7 26. Rad1 b5 27. Qc2 Qb6 28. Rd7 Rc7 29. Red1 g6 30. Rxc7 Qxc7 31. Qd2 Bg7 1/2-1/2

[Event "BEL-chT 2122"]
[Site "Belgium"]
[Date "2022.01.30"]
[Round "6.3"]
[White "Tjiam, Dharma"]
[Black "De Rover, Yong Hoon"]
[Result "0-1"]
[WhiteElo "2395"]
[BlackElo "2349"]
[PlyCount "69"]
[EventDate "2021.10.24"]
[EventType "team-tourn"]
[EventRounds "11"]
[EventCountry "BEL"]
[SourceTitle "EXT 2023"]
[Source "ChessBase"]
[SourceDate "2022.10.05"]
[SourceVersion "1"]
[SourceVersionDate "2022.10.05"]
[SourceQuality "1"]
[WhiteTeam "KGSRL"]
[BlackTeam "Wachtebeke"]
[WhiteTeamCountry "BEL"]
[BlackTeamCountry "BEL"]

1. d4 Nf6 2. c4 e6 3. Nc3 Bb4 4. e3 0-0 5. Bd3 d5 6. Nge2 c5 7. a3 dxc4 8. Bxc4 cxd4 9. exd4 Bxc3+ 10. Nxc3 Nc6 11. Be3 b6 12. 0-0 Bb7 13. Ba2 Ne7 14. Qe2 h6 15. Rad1 Ned5 16. Bd2 Qd7 17. Rfe1 Rac8 18. Qe5 Rfd8 19. Bb1 Qc7 20. Nb5 Qd7 21. Nc3 Qc7 22. Nb5 Qd7 23. Nc3 a6 24. Qg3 Kh8 25. Re5 Ne7 26. Ne2 Nc6 27. Bf4 Qe7 28. Re3 Nd5 29. Red3 Nxf4 30. Qxf4 Rd7 31. Rg3 Rcd8 32. h3 f5 33. h4 Qf6 34. Ba2 Nxd4 35. Nxd4 0-1

[Event "BEL-chT 1920"]
[Site "Belgium"]
[Date "2020.03.08"]
[Round "9.6"]
[White "Tjiam, Dharma"]
[Black "Kaufeld, Juergen"]
[Result "1/2-1/2"]
[WhiteElo "2391"]
[BlackElo "2228"]
[PlyCount "66"]
[EventDate "2019.09.29"]
[EventType "team-tourn"]
[EventRounds "11"]
[EventCountry "BEL"]
[SourceTitle "CBM 195 Extra"]
[Source "ChessBase"]
[SourceDate "2020.05.31"]
[SourceVersion "1"]
[SourceVersionDate "2020.05.31"]
[SourceQuality "1"]
[WhiteTeam "KGSRL"]
[BlackTeam "KSK47 Eynatten"]
[WhiteTeamCountry "BEL"]
[BlackTeamCountry "BEL"]

1. d4 d5 2. c4 e6 3. Nc3 Nf6 4. cxd5 exd5 5. Bg5 c6 6. e3 Be7 7. Bd3 Nbd7 8. Qc2 Nh5 9. Bxe7 Qxe7 10. Nge2 g6 11. g4 Ng7 12. h3 Nb6 13. 0-0-0 Bd7 14. Nf4 g5 15. Ng2 h6 16. f3 0-0-0 17. h4 h5 18. gxh5 Rxh5 19. hxg5 Qxg5 20. Nf4 Rxh1 21. Rxh1 Re8 22. Nd1 Ne6 23. Rh5 Qg3 24. Nxd5 Nxd5 25. Rxd5 Nc7 26. Ra5 Qxf3 27. Rxa7 Bg4 28. Ra3 Nd5 29. Bc4 Nxe3 30. Rxe3 Rxe3 31. Nxe3 Qxe3+ 32. Qd2 Qxd2+ 33. Kxd2 f6 1/2-1/2

[Event "Liffre op"]
[Site "Liffre"]
[Date "2018.10.22"]
[Round "4"]
[White "Philippe, Guillaume"]
[Black "Tjiam, Dharma"]
[Result "1-0"]
[WhiteElo "2353"]
[BlackElo "2375"]
[PlyCount "89"]
[EventDate "2018.10.20"]
[EventType "swiss"]
[EventRounds "9"]
[EventCountry "FRA"]
[SourceTitle "CBM 187 Extra"]
[Source "ChessBase"]
[SourceDate "2018.11.04"]
[SourceVersion "1"]
[SourceVersionDate "2018.11.04"]
[SourceQuality "1"]

1. e4 d6 2. d4 Nf6 3. Nc3 g6 4. Nf3 Bg7 5. Be2 0-0 6. 0-0 c6 7. a4 a5 8. Be3 Na6 9. Nd2 Nb4 10. f3 b6 11. Ncb1 Ba6 12. Na3 Nd7 13. c3 Bxe2 14. Qxe2 Na6 15. Rfd1 Nc7 16. Qc4 c5 17. d5 e6 18. dxe6 fxe6 19. Nb5 d5 20. exd5 Nxd5 21. Qe2 Qe7 22. Ne4 Rf5 23. Nbd6 Rh5 24. Nc4 Ne5 25. Nxe5 Bxe5 26. g3 Bc7 27. Bg5 Qf7 28. c4 Be5 29. f4 Bg7 30. cxd5 exd5 31. Nd6 Qd7 32. Rxd5 h6 33. Rad1 hxg5 34. Nf5 Qe8 35. Ne7+ Kh7 36. f5 gxf5 37. Qe6 Rh6 38. Qxf5+ Kh8 39. Qxg5 Qf7 40. Nf5 Rh7 41. Nxg7 Rg8 42. Rd8 Rhxg7 43. Qh6+ Rh7 44. Rxg8+ Qxg8 45. Qf6+ 1-0

[Event "BEL-chT 1718"]
[Site "Belgium"]
[Date "2018.04.29"]
[Round "11.5"]
[White "Hopman, Pieter"]
[Black "Tjiam, Dharma"]
[Result "1-0"]
[WhiteElo "2318"]
[BlackElo "2382"]
[PlyCount "101"]
[EventDate "2017.09.24"]
[EventType "team-tourn"]
[EventRounds "11"]
[EventCountry "BEL"]
[SourceTitle "EXT 2019"]
[Source "ChessBase"]
[SourceDate "2018.10.10"]
[SourceVersion "1"]
[SourceVersionDate "2018.10.10"]
[SourceQuality "1"]
[WhiteTeam "Liege Crelel"]
[BlackTeam "KGSRL"]
[WhiteTeamCountry "BEL"]
[BlackTeamCountry "BEL"]

1. e4 d6 2. Nf3 g6 3. h3 Nf6 4. c3 Bg7 5. Bd3 0-0 6. Bc2 e5 7. d3 a6 8. 0-0 Nc6 9. Re1 b5 10. d4 Bb7 11. Nbd2 Qd7 12. Nb3 Rae8 13. d5 Ne7 14. a4 c5 15. Na5 Ba8 16. axb5 axb5 17. c4 Rb8 18. cxb5 Qxb5 19. Bd2 Rbc8 20. Re3 c4 21. b3 Nexd5 22. exd5 Nxd5 23. Nxc4 Nxe3 24. Bxe3 Rcd8 25. Ra5 Qb4 26. Bc1 d5 27. Ba3 Qb8 28. Ncxe5 Bxe5 29. Rxa8 Qxa8 30. Bxf8 Bf6 31. Bc5 d4 32. Bd3 Qd5 33. b4 Kg7 34. Nd2 Re8 35. Nc4 Re6 36. Bf1 Qd8 37. Nb2 Qd7 38. Nd3 Be7 39. Qa1 Bf6 40. Qa5 Be7 41. Qa1 Bf6 42. Qb2 Re8 43. b5 Qd5 44. Qb4 Qe4 45. b6 Ra8 46. Qb2 Qd5 47. g3 Ra2 48. Qb1 Bd8 49. b7 Bc7 50. b8Q Bxb8 51. Qxb8 1-0

[Event "BEL-chT 1718"]
[Site "Belgium"]
[Date "2017.11.19"]
[Round "4.6"]
[White "Tjiam, Dharma"]
[Black "Meessen, Rudolf"]
[Result "1/2-1/2"]
[WhiteElo "2382"]
[BlackElo "2297"]
[PlyCount "40"]
[EventDate "2017.09.24"]
[EventType "team-tourn"]
[EventRounds "11"]
[EventCountry "BEL"]
[SourceTitle "EXT 2019"]
[Source "ChessBase"]
[SourceDate "2018.10.10"]
[SourceVersion "1"]
[SourceVersionDate "2018.10.10"]
[SourceQuality "1"]
[WhiteTeam "KGSRL"]
[BlackTeam "KSK Rochade"]
[WhiteTeamCountry "BEL"]
[BlackTeamCountry "BEL"]

1. d4 e6 2. c4 f5 3. g3 Nf6 4. Bg2 Be7 5. Nf3 0-0 6. 0-0 d6 7. Nc3 Nc6 8. d5 Ne5 9. b3 Nxf3+ 10. Bxf3 e5 11. Bg2 Qe8 12. Nb5 Bd8 13. a4 a6 14. Nc3 a5 15. Ba3 b6 16. b4 f4 17. Qd3 Qh5 18. bxa5 Rxa5 19. Bb4 Ra8 20. a5 bxa5 1/2-1/2

[Event "Porto San Giorgio op 27th"]
[Site "Porto San Giorgio"]
[Date "2016.08.26"]
[Round "7"]
[White "Tjiam, Dharma"]
[Black "Rodriguez Vila, Andres"]
[Result "0-1"]
[WhiteElo "2376"]
[BlackElo "2498"]
[PlyCount "58"]
[EventDate "2016.08.20"]
[EventType "swiss"]
[EventRounds "9"]
[EventCountry "ITA"]
[SourceTitle "CBM 174 Extra"]
[Source "ChessBase"]
[SourceDate "2016.10.10"]
[SourceVersion "1"]
[SourceVersionDate "2016.10.10"]
[SourceQuality "1"]

1. d4 Nf6 2. c4 g6 3. Nc3 Bg7 4. e4 0-0 5. Be2 d6 6. Bg5 Na6 7. Qd2 c5 8. d5 Rb8 9. h3 Nc7 10. a4 e6 11. Nf3 exd5 12. exd5 Bf5 13. 0-0 Re8 14. Rfe1 Na6 15. Nh4 Bd7 16. Qf4 Nb4 17. Rac1 h6 18. Bxh6 Nh5 19. Bxh5 Bxh6 20. Qg3 Bxc1 21. Rxc1 Qf6 22. Be2 Bxa4 23. Nf3 Rxe2 24. Nxe2 Qxb2 25. Nh4 Re8 26. Qxd6 Rxe2 27. Rf1 Qd4 28. Qb8+ Kg7 29. Qg3 Bd7 0-1

[Event "Porto San Giorgio op 27th"]
[Site "Porto San Giorgio"]
[Date "2016.08.25"]
[Round "6"]
[White "Tjiam, Dharma"]
[Black "Bellia, Fabrizio"]
[Result "1-0"]
[WhiteElo "2376"]
[BlackElo "2453"]
[PlyCount "117"]
[EventDate "2016.08.20"]
[EventType "swiss"]
[EventRounds "9"]
[EventCountry "ITA"]
[SourceTitle "CBM 174 Extra"]
[Source "ChessBase"]
[SourceDate "2016.10.10"]
[SourceVersion "1"]
[SourceVersionDate "2016.10.10"]
[SourceQuality "1"]

1. d4 Nf6 2. c4 e6 3. Nc3 Bb4 4. e3 0-0 5. Bd3 d5 6. Nge2 dxc4 7. Bxc4 a6 8. 0-0 b5 9. Bd3 Bb7 10. Ng3 c5 11. dxc5 Nbd7 12. Bc2 Nxc5 13. Bd2 Nd3 14. Qb1 Ne5 15. Rd1 Nc4 16. Be1 Qe7 17. a3 Bd6 18. Nce4 Nxe4 19. Bxe4 Bxg3 20. hxg3 Bxe4 21. Qxe4 f5 22. Qc2 Rfc8 23. Qb3 Qe8 24. Bc3 Qc6 25. a4 h6 26. Qb4 Qe8 27. axb5 axb5 28. Rxa8 Rxa8 29. b3 Na3 30. Qd4 Qf7 31. Ra1 Qb7 32. Qb4 Rc8 33. Rxa3 Rxc3 34. Qxc3 b4 35. Ra7 Qxa7 36. Qxb4 Qa1+ 37. Kh2 Qa2 38. f3 Kf7 39. Qb6 g5 40. b4 h5 41. Qc7+ Kg6 42. b5 g4 43. fxg4 hxg4 44. b6 Qb2 45. Qb8 Qg7 46. Qe8+ Kf6 47. Qd8+ Kg6 48. Qd4 Qh7+ 49. Kg1 Qb7 50. Kf2 Qc6 51. Qb2 Qb7 52. Qb4 Kf7 53. Qd6 Kf6 54. Kg1 Qa8 55. Qd7 Qa3 56. Qd4+ Kg6 57. b7 Qb3 58. Qa7 f4 59. b8Q 1-0

[Event "Porto San Giorgio op 27th"]
[Site "Porto San Giorgio"]
[Date "2016.08.24"]
[Round "5"]
[White "Roselli Mailhe, Bernardo"]
[Black "Tjiam, Dharma"]
[Result "1/2-1/2"]
[WhiteElo "2442"]
[BlackElo "2376"]
[PlyCount "87"]
[EventDate "2016.08.20"]
[EventType "swiss"]
[EventRounds "9"]
[EventCountry "ITA"]
[SourceTitle "CBM 174 Extra"]
[Source "ChessBase"]
[SourceDate "2016.10.10"]
[SourceVersion "1"]
[SourceVersionDate "2016.10.10"]
[SourceQuality "1"]

1. d4 Nf6 2. c4 e6 3. Nf3 Bb4+ 4. Bd2 a5 5. g3 b6 6. Bg2 Bb7 7. 0-0 0-0 8. Nc3 d5 9. cxd5 exd5 10. Rc1 Na6 11. Ne5 Be7 12. Bf4 c5 13. Nb5 Ne4 14. dxc5 Naxc5 15. Nf3 Qd7 16. Nfd4 Rac8 17. f3 Nd6 18. Bxd6 Bxd6 19. Bh3 Ne6 20. Nxd6 Rxc1 21. Qxc1 Qxd6 22. Bxe6 fxe6 23. f4 e5 24. fxe5 Qxe5 25. Rxf8+ Kxf8 26. Qc3 h6 27. b4 Kg8 28. bxa5 bxa5 29. Kf2 Ba6 30. Qe3 Qf6+ 31. Qf4 Qb6 32. Qe5 Bc4 33. a3 Qb2 34. Qe6+ Kh7 35. Nf5 Qxa3 36. Ne7 Qc5+ 37. e3 d4 38. Qe4+ Kh8 39. Ng6+ Kh7 40. Ne7+ Kh8 41. exd4 Qb5 42. Qa8+ Kh7 43. Qe4+ Kh8 44. Qa8+ 1/2-1/2

[Event "BEL-chT 1516"]
[Site "Belgium"]
[Date "2015.11.22"]
[Round "4.5"]
[White "Tjiam, Dharma"]
[Black "Rihouay, Clement"]
[Result "0-1"]
[WhiteElo "2379"]
[BlackElo "2229"]
[PlyCount "86"]
[EventDate "2015.09.27"]
[EventType "team-tourn"]
[EventRounds "11"]
[EventCountry "BEL"]
[SourceTitle "EXT 2017"]
[Source "ChessBase"]
[SourceDate "2016.10.25"]
[SourceVersion "1"]
[SourceVersionDate "2016.10.25"]
[SourceQuality "1"]
[WhiteTeam "KGSRL"]
[BlackTeam "TBCC"]
[WhiteTeamCountry "BEL"]
[BlackTeamCountry "BEL"]

1. d4 Nf6 2. c4 e6 3. Nf3 b6 4. Bf4 Bb7 5. e3 Be7 6. Nc3 Nh5 7. Bg3 d6 8. Bd3 g6 9. 0-0 Nd7 10. Nd2 0-0 11. b4 c5 12. bxc5 dxc5 13. Nb3 Nxg3 14. hxg3 cxd4 15. exd4 e5 16. Be4 Bxe4 17. Nxe4 Rc8 18. Rc1 exd4 19. Nxd4 Ne5 20. Nb5 a6 21. Nbd6 Bxd6 22. Nxd6 Rc6 23. c5 bxc5 24. Nc4 Nxc4 25. Rxc4 Qxd1 26. Rxd1 Re8 27. Kf1 h5 28. a3 Re5 29. Rc3 Kf8 30. Rd7 Rb6 31. f4 Rb1+ 32. Kf2 Rb2+ 33. Kf3 Ree2 34. Rxc5 Rf2+ 35. Ke4 Rfe2+ 36. Kf3 Rf2+ 37. Ke4 Rbe2+ 38. Kd3 Rd2+ 39. Ke3 Rfe2+ 40. Kf3 Rf2+ 41. Ke3 Rfe2+ 42. Kf3 Rxg2 43. Ra7 Rde2 0-1

[Event "Guernsey op 40th"]
[Site "Vale"]
[Date "2014.10.20"]
[Round "2"]
[White "Lochte, Thomas"]
[Black "Tjiam, Dharma"]
[Result "0-1"]
[WhiteElo "2071"]
[BlackElo "2386"]
[PlyCount "110"]
[EventDate "2014.10.19"]
[EventType "swiss"]
[EventRounds "7"]
[EventCountry "GCI"]
[SourceTitle "EXT 2016"]
[Source "ChessBase"]
[SourceDate "2015.10.08"]
[SourceVersion "1"]
[SourceVersionDate "2015.10.08"]
[SourceQuality "1"]

1. e4 d6 2. d4 Nf6 3. Nc3 g6 4. Be2 Bg7 5. g4 d5 6. e5 Ne4 7. h4 c5 8. h5 cxd4 9. Qxd4 Nc6 10. Qxd5 Nxc3 11. Qxd8+ Nxd8 12. bxc3 Bxe5 13. Bd2 0-0 14. Nf3 Bg7 15. hxg6 hxg6 16. Ng5 Ne6 17. 0-0-0 Nxg5 18. Bxg5 Be6 19. Bh6 Rac8 20. Bxg7 Kxg7 21. Rh3 Rh8 22. Rxh8 Rxh8 23. f3 Rc8 24. Kb2 g5 25. Rd4 Rc7 26. Bd3 Kf6 27. Be4 Ke5 28. Rb4 b6 29. Rd4 Rc4 30. Rd1 Kf4 31. Rd3 Rc7 32. Rd4 Kg3 33. Rd3 Bc4 34. Rd8 Kf4 35. Rd4 Ke3 36. Bd3 Be6 37. Be4 Rd7 38. Rb4 Rc7 39. Rd4 Bc8 40. Ba8 Bb7 41. Bxb7 Rxb7 42. Rd3+ Kf4 43. Kc1 e5 44. Kd2 Re7 45. Ke2 e4 46. Rd4 Kg3 47. fxe4 Kxg4 48. Kd3 f5 49. exf5+ Kxf5 50. c4 g4 51. Rd5+ Kf4 52. c5 g3 53. Rd4+ Kf5 54. c6 g2 55. Rd8 Rg7 0-1

[Event "NED-chT 1314"]
[Site "Netherlands"]
[Date "2014.03.29"]
[Round "7.7"]
[White "Mostertman, Milan"]
[Black "Tjiam, Dharma"]
[Result "1-0"]
[WhiteElo "2312"]
[BlackElo "2377"]
[PlyCount "67"]
[EventDate "2013.09.21"]
[EventType "team-tourn"]
[EventRounds "9"]
[EventCountry "NED"]
[SourceTitle "EXT 2015"]
[Source "ChessBase"]
[SourceDate "2014.11.20"]
[SourceVersion "1"]
[SourceVersionDate "2014.11.20"]
[SourceQuality "1"]
[WhiteTeam "Groningen"]
[BlackTeam "Utrecht"]
[WhiteTeamCountry "NED"]
[BlackTeamCountry "NED"]

1. e4 d6 2. d4 Nf6 3. Nc3 g6 4. f4 Bg7 5. Nf3 c5 6. d5 0-0 7. Be2 e6 8. dxe6 fxe6 9. e5 dxe5 10. Qxd8 Rxd8 11. Nxe5 Nfd7 12. Nxd7 Bxd7 13. Be3 b6 14. 0-0-0 Nc6 15. Bf3 Rac8 16. Nb5 a6 17. Bg4 Kf8 18. Rxd7 Rxd7 19. Bxe6 Re7 20. Bxc8 Rxe3 21. Nc7 Bh6 22. Rf1 Re2 23. Bxa6 Re7 24. Nd5 Ra7 25. Bc4 Ne5 26. Be2 Nc6 27. Kb1 Rd7 28. Nxb6 Rd2 29. Bf3 Nd4 30. c3 Nxf3 31. Rxf3 Rxg2 32. a4 Re2 33. Ka2 Ke7 34. Rh3 1-0

[Event "NED-chT 1314"]
[Site "Netherlands"]
[Date "2013.11.02"]
[Round "2.5"]
[White "Tjiam, Dharma"]
[Black "Driessens, Patrick"]
[Result "1-0"]
[WhiteElo "2392"]
[BlackElo "2318"]
[PlyCount "59"]
[EventDate "2013.09.21"]
[EventType "team-tourn"]
[EventRounds "9"]
[EventCountry "NED"]
[SourceTitle "EXT 2015"]
[Source "ChessBase"]
[SourceDate "2014.11.20"]
[SourceVersion "1"]
[SourceVersionDate "2014.11.20"]
[SourceQuality "1"]
[WhiteTeam "Utrecht"]
[BlackTeam "Voerendaal"]
[WhiteTeamCountry "NED"]
[BlackTeamCountry "NED"]

1. d4 Nf6 2. c4 c6 3. Nf3 d5 4. e3 g6 5. Nc3 Bg7 6. Be2 0-0 7. 0-0 dxc4 8. Bxc4 Bg4 9. h3 Bxf3 10. Qxf3 Nbd7 11. Rd1 e5 12. dxe5 Nxe5 13. Qe2 Qe7 14. Bb3 Rad8 15. Bd2 Nd3 16. Rab1 b5 17. Bc2 Nb4 18. Be1 Nxc2 19. Qxc2 Rxd1 20. Rxd1 Rd8 21. Rc1 a6 22. a4 Qc5 23. b3 Rb8 24. Na2 Qxc2 25. Rxc2 bxa4 26. bxa4 Rb1 27. Nc1 Ne4 28. Rxc6 Bc3 29. Rc8+ Kg7 30. Bxc3+ 1-0

[Event "Figueres op 14th"]
[Site "Figueres"]
[Date "2013.08.18"]
[Round "9"]
[White "Cruz, Cristhian"]
[Black "Tjiam, Dharma"]
[Result "1-0"]
[WhiteElo "2498"]
[BlackElo "2377"]
[PlyCount "83"]
[EventDate "2013.08.11"]
[EventType "swiss"]
[EventRounds "9"]
[EventCountry "ESP"]
[SourceTitle "EXT 2014"]
[Source "ChessBase"]
[SourceDate "2013.11.20"]
[SourceVersion "1"]
[SourceVersionDate "2013.11.20"]
[SourceQuality "1"]

1. d4 Nf6 2. c4 e6 3. Nc3 c5 4. d5 exd5 5. cxd5 d6 6. Nf3 g6 7. Bf4 a6 8. a4 Qe7 9. h3 Nbd7 10. Nd2 Ne5 11. e3 Bg7 12. Be2 0-0 13. 0-0 Ne8 14. Re1 Bd7 15. Bg3 f5 16. Qb3 Qd8 17. a5 Rb8 18. f4 Nf7 19. Nc4 Nc7 20. Nb6 Re8 21. Bf3 Bb5 22. Kh2 Nh6 23. Rad1 Na8 24. Nxb5 axb5 25. Qxb5 Nxb6 26. axb6 Qf6 27. b4 cxb4 28. Qxb4 Rbc8 29. Rd3 Nf7 30. e4 fxe4 31. Rxe4 Rxe4 32. Qxe4 Qd8 33. Bg4 Rc1 34. Bf2 Ra1 35. Be6 Bf6 36. Bd4 Rc1 37. Ra3 Rd1 38. Bxf6 Qxf6 39. Ra7 Qe7 40. Qc2 Rf1 41. Qc8+ Kg7 42. Rxb7 1-0

[Event "Figueres op 14th"]
[Site "Figueres"]
[Date "2013.08.14"]
[Round "4"]
[White "Valles, Manuel"]
[Black "Tjiam, Dharma"]
[Result "0-1"]
[WhiteElo "2319"]
[BlackElo "2377"]
[PlyCount "74"]
[EventDate "2013.08.11"]
[EventType "swiss"]
[EventRounds "9"]
[EventCountry "ESP"]
[SourceTitle "CBM 156 Extra"]
[Source "ChessBase"]
[SourceDate "2013.10.22"]
[SourceVersion "1"]
[SourceVersionDate "2013.10.22"]
[SourceQuality "1"]

1. c4 Nf6 2. Nc3 e5 3. g3 d5 4. cxd5 Nxd5 5. Bg2 Nb6 6. Nf3 Nc6 7. 0-0 Be7 8. b3 0-0 9. Bb2 f5 10. d3 Bf6 11. Nd2 Be6 12. Nc4 Qd7 13. Rc1 Rae8 14. Qc2 Nd4 15. Qb1 Nd5 16. Rfe1 c5 17. e3 Nc6 18. Nxd5 Bxd5 19. Bxd5+ Qxd5 20. e4 Qd7 21. exf5 Bg5 22. Rc2 Rxf5 23. Ne3 Bxe3 24. Rxe3 b6 25. Rce2 Qd5 26. Qc2 b5 27. Qc1 Nb4 28. Qb1 g6 29. f4 Nc6 30. Qa1 Kf7 31. Bxe5 Nxe5 32. fxe5 Ke6 33. Qe1 Ref8 34. h4 h5 35. a3 a5 36. Qb1 Qd4 37. Qd1 Qd5 0-1

[Event "NED-chT 1213"]
[Site "Netherlands"]
[Date "2013.04.20"]
[Round "9.7"]
[White "Van der Stricht, Geert"]
[Black "Tjiam, Dharma"]
[Result "1-0"]
[WhiteElo "2403"]
[BlackElo "2386"]
[PlyCount "81"]
[EventDate "2012.09.15"]
[EventType "team-tourn"]
[EventRounds "9"]
[EventCountry "NED"]
[SourceTitle "EXT 2014"]
[Source "ChessBase"]
[SourceDate "2013.11.20"]
[SourceVersion "1"]
[SourceVersionDate "2013.11.20"]
[SourceQuality "1"]
[WhiteTeam "Calder HMC"]
[BlackTeam "Utrecht"]
[WhiteTeamCountry "NED"]
[BlackTeamCountry "NED"]

1. d4 Nf6 2. c4 e6 3. Nc3 Bb4 4. e3 c5 5. Bd3 Nc6 6. Nf3 d5 7. 0-0 0-0 8. a3 Bxc3 9. bxc3 dxc4 10. Bxc4 Qc7 11. Bb2 e5 12. h3 b6 13. Qe2 Bb7 14. Ba2 Rad8 15. Rfd1 Qe7 16. d5 Nb8 17. c4 Nbd7 18. Bb1 Ne8 19. Bf5 e4 20. Nd2 Nd6 21. Qg4 Ne5 22. Bxh7+ Kxh7 23. Qh5+ Kg8 24. Qxe5 Qxe5 25. Bxe5 Rfe8 26. Bxd6 Rxd6 27. a4 f5 28. a5 Red8 29. Rdb1 Kf7 30. Rb2 Rb8 31. axb6 axb6 32. Ra7 Ke7 33. g4 Kf6 34. Kg2 Ke5 35. Kg3 fxg4 36. hxg4 Rg6 37. Rb3 Bc8 38. Re7+ Kd6 39. Rxe4 b5 40. Rf4 b4 41. Ne4+ 1-0

[Event "NED-chT 1213"]
[Site "Netherlands"]
[Date "2012.10.06"]
[Round "2.1"]
[White "Smeets, Jan"]
[Black "Tjiam, Dharma"]
[Result "1-0"]
[WhiteElo "2609"]
[BlackElo "2386"]
[PlyCount "65"]
[EventDate "2012.09.15"]
[EventType "team-tourn"]
[EventRounds "9"]
[EventCountry "NED"]
[SourceTitle "CBM 150 Extra"]
[Source "ChessBase"]
[SourceDate "2012.10.19"]
[SourceVersion "1"]
[SourceVersionDate "2012.10.19"]
[SourceQuality "1"]
[WhiteTeam "En Passant"]
[BlackTeam "Utrecht"]
[WhiteTeamCountry "NED"]
[BlackTeamCountry "NED"]

1. e4 Nf6 2. e5 Nd5 3. d4 d6 4. Nf3 Bg4 5. Be2 e6 6. 0-0 Be7 7. h3 Bh5 8. c4 Nb6 9. Nc3 0-0 10. Be3 Nc6 11. exd6 cxd6 12. d5 Bxf3 13. Bxf3 Ne5 14. dxe6 fxe6 15. Bg4 Nexc4 16. Bxe6+ Kh8 17. Bxc4 Nxc4 18. Bd4 Bf6 19. Nd5 Bxd4 20. Qxd4 Ne5 21. Rad1 Nc6 22. Qg4 Rf7 23. Rd2 Qd7 24. Rfd1 Rd8 25. Nc3 Qe7 26. Ne4 Rdf8 27. Nxd6 Rf4 28. Qg3 h6 29. b3 Qf6 30. Nxb7 Nd4 31. Nc5 Rf7 32. Re1 Rf3 33. Qe5 1-0

[Event "NED-chT 1112"]
[Site "Netherlands"]
[Date "2012.04.22"]
[Round "9.2"]
[White "Haast, Mark"]
[Black "Tjiam, Dharma"]
[Result "1/2-1/2"]
[WhiteElo "2251"]
[BlackElo "2382"]
[PlyCount "20"]
[EventDate "2011.09.17"]
[EventType "team-tourn"]
[EventRounds "9"]
[EventCountry "NED"]
[SourceTitle "EXT 2013"]
[Source "ChessBase"]
[SourceDate "2012.11.22"]
[SourceVersion "1"]
[SourceVersionDate "2012.11.22"]
[SourceQuality "1"]
[WhiteTeam "De Stukkenjagers"]
[BlackTeam "Utrecht"]
[WhiteTeamCountry "NED"]
[BlackTeamCountry "NED"]

1. e4 c5 2. c3 Nf6 3. e5 Nd5 4. d4 cxd4 5. Nf3 d6 6. cxd4 Nc6 7. Bc4 e6 8. 0-0 Be7 9. Qe2 Nb6 10. Bb3 dxe5 1/2-1/2

[Event "NED-chT 1112"]
[Site "Netherlands"]
[Date "2012.03.10"]
[Round "7.2"]
[White "Orlov, Andrey"]
[Black "Tjiam, Dharma"]
[Result "1/2-1/2"]
[WhiteElo "2525"]
[BlackElo "2382"]
[PlyCount "103"]
[EventDate "2011.09.17"]
[EventType "team-tourn"]
[EventRounds "9"]
[EventCountry "NED"]
[SourceTitle "EXT 2013"]
[Source "ChessBase"]
[SourceDate "2012.11.22"]
[SourceVersion "1"]
[SourceVersionDate "2012.11.22"]
[SourceQuality "1"]
[WhiteTeam "Voerendaal"]
[BlackTeam "Utrecht"]
[WhiteTeamCountry "NED"]
[BlackTeamCountry "NED"]

1. e4 d6 2. d4 Nf6 3. Nc3 g6 4. Nge2 Bg7 5. g3 0-0 6. Bg2 e5 7. 0-0 b6 8. Bg5 Bb7 9. Qd2 Nbd7 10. Rad1 Re8 11. Rfe1 Qb8 12. a4 a6 13. d5 Re7 14. Nc1 Qf8 15. f3 h6 16. Be3 a5 17. Nd3 Kh7 18. Nb5 Qd8 19. b3 Nf8 20. Bh3 Ng8 21. c4 Bc8 22. Bxc8 Qxc8 23. b4 axb4 24. Nxb4 f5 25. Nc6 Rf7 26. Qc2 fxe4 27. fxe4 Qh3 28. Rf1 Nf6 29. Nc3 Kg8 30. Qg2 Qd7 31. h3 h5 32. Rf3 N8h7 33. Rdf1 Raf8 34. Nb5 Ne8 35. Rxf7 Rxf7 36. Ra1 Bf6 37. Kh1 Bg5 38. Bg1 Bh6 39. a5 bxa5 40. Rxa5 Ng5 41. Ra8 Rf8 42. Be3 Kh7 43. Bxg5 Bxg5 44. Nxc7 Qxc7 45. Ra7 Qxa7 46. Nxa7 Be3 47. Qb2 Rf2 48. Qb7+ Kh6 49. h4 Nf6 50. Qb8 Kh7 51. Qc7+ Kh6 52. Qb8 1/2-1/2

[Event "NED-chT 1112"]
[Site "Netherlands"]
[Date "2012.01.07"]
[Round "5.8"]
[White "Van Ketel, Raoul"]
[Black "Tjiam, Dharma"]
[Result "0-1"]
[WhiteElo "2286"]
[BlackElo "2382"]
[PlyCount "138"]
[EventDate "2011.09.17"]
[EventType "team-tourn"]
[EventRounds "9"]
[EventCountry "NED"]
[SourceTitle "EXT 2013"]
[Source "ChessBase"]
[SourceDate "2012.11.22"]
[SourceVersion "1"]
[SourceVersionDate "2012.11.22"]
[SourceQuality "1"]
[WhiteTeam "Leiden LSG"]
[BlackTeam "Utrecht"]
[WhiteTeamCountry "NED"]
[BlackTeamCountry "NED"]

1. d4 Nf6 2. c4 Nc6 3. Nf3 e6 4. Nc3 d6 5. g3 g6 6. Bg2 Bg7 7. 0-0 0-0 8. b3 a6 9. Bb2 Rb8 10. Rc1 Na5 11. Qc2 Qe7 12. Rfd1 Bd7 13. e4 Rfc8 14. Ne2 b5 15. e5 Ne8 16. Qd2 Nc6 17. Ne1 bxc4 18. Rxc4 Nd8 19. Rdc1 d5 20. R4c2 Nb7 21. Nd3 Bf8 22. Nc5 Nxc5 23. Rxc5 Qd8 24. R5c2 Bb4 25. Qe3 a5 26. Nf4 a4 27. Nd3 axb3 28. axb3 Be7 29. Nc5 Rb6 30. Bf3 Bg5 31. Qc3 Rcb8 32. Rb1 Be7 33. Ba3 Bb5 34. Bd1 Ng7 35. g4 Bf8 36. Qg3 Rc6 37. h3 Ra8 38. Bb4 Rb6 39. Bd2 Bc4 40. Rc3 Ra2 41. Bf4 Be7 42. Rc2 Ra3 43. Rcb2 Bb5 44. Qc3 Ne8 45. Kh2 Qa8 46. Be3 Rb8 47. Qd2 Qa7 48. f4 c6 49. Bc2 Ra8 50. Rg1 Qa5 51. b4 Qc7 52. Bb1 Bc4 53. f5 Bxc5 54. bxc5 Rb8 55. Rxb8 Qxb8 56. fxe6 fxe6 57. Bh6 Qb3 58. Qg2 Nc7 59. Re1 Qf3 60. Qxf3 Rxf3 61. Kg2 Rb3 62. Rd1 Rb2+ 63. Kg3 Nb5 64. Rc1 Nxd4 65. Re1 Kf7 66. h4 Ne2+ 67. Kh3 Rb3+ 68. Kh2 Nc3 69. Re3 Nxb1 0-1